000 00601nam a22002177a 4500
003 UA-OsUOA
001 52014
007 ta
008 20080129b un ||||| |||| 00| 0 ukr d
090 _a82.09
_bК21
942 _cBK
040 _aUA-OsUOA
_bukr
_cUA-OsUOA
_dUA-OsUOA
245 _aКарбованих слів володар. Спогади про Миколу Бажана
300 _a517 с.
955 _a1
041 _aukr
080 _a82.09
260 _aК.
_bДніпро
_c1988
650 7 _a82 Література. Літературознавство
_2UDC
999 _c338107
_d338107